| 000 | 00508nam a22001937a 4500 | ||
|---|---|---|---|
| 003 | CEME | ||
| 005 | 20210628203651.0 | ||
| 008 | 210121b xxu||||| |||| 00| 0 eng d | ||
| 020 | _a0-19-568523-7 | ||
| 040 | _cceme | ||
| 082 | _a546 INO | ||
| 100 |
_aAtikins, Peter, Oveton, Tina _966757 |
||
| 245 | _aShriver and atkins inorganic chemistry | ||
| 250 | _a4TH | ||
| 260 |
_aNEW DELHI _bOXFORD UNIVERSITY PRESS _c2006 |
||
| 300 | _aXXI,822 P | ||
| 650 |
_aINORGANIC CHEMISTRY _961249 |
||
| 942 |
_cBK _2ddc |
||
| 999 |
_c574668 _d574668 |
||